000 01059nam a22002537a 4500
005 20170124103032.0
010 _aB-151920
020 _c150.00
_a818855006
035 _aB-151920
037 _bCen Lib/Ret
040 _aDPL
_bHN
082 _a
_bगोयल
100 _aगोयल, हरीश
_964303
245 _aकायांतरण /
_cहरीश गोयल
246 _aKayantaran /
_bby Hareesh Goyal
260 _aदिल्ली
_bभरत ज्ञान विज्ञान प्रकाशन
_c2004
270 _a30/35-३६, त्रितीय तल गली न. ९, विश्वास नगर, शाहदरा
_b दिल्ली
_e110032
300 _a143पृ.
_c19सेमी (सजिल्द)
650 _aहिंदी साहित्य
_964304
650 _aहिंदी साहित्य
_xकहानियां
_964305
650 _aHindi literature
_964306
650 _aHindi literature
_xStories
_964307
942 _2ddc
_cHN
_h
_mगोयल
999 _c115997
_d115997